[Event "Sindilegis op-A"]
[Site "Sindilegis"]
[Date "2009.10.31"]
[Round "1"]
[White "Shumyatsky, Victor"]
[Black "Filho, Claudio Segrio"]
[Result "1/2-1/2"]
[WhiteElo "2214"]
[BlackElo "1953"]
[PlyCount "52"]
[EventDate "2009.10.31"]
[EventType "swiss"]
[EventRounds "6"]
[EventCountry "BRA"]
[SourceTitle "EXT 2012"]
[Source "ChessBase"]
[SourceDate "2011.11.24"]
[SourceVersion "1"]
[SourceVersionDate "2011.11.24"]
[SourceQuality "1"]

1. e4 b6 2. d4 Bb7 3. Nc3 Nf6 4. e5 Nd5 5. Nxd5 Bxd5 6. Nf3 e6 7. Be2 Bb4+ 8. c3 Be7 9. 0-0 d6 10. b3 Bb7 11. c4 d5 12. Be3 Nd7 13. Rc1 c5 14. cxd5 Bxd5 15. Bb5 cxd4 16. Nxd4 Bc5 17. Ne2 0-0 18. Bxd7 Bxe3 19. fxe3 Qxd7 20. e4 Bc6 21. Qxd7 Bxd7 22. Rfd1 Rfd8 23. Rd6 Be8 24. Rc7 Rxd6 25. exd6 Rd8 26. e5 f6 1/2-1/2